| 000 | 00451nam a2200133Ia 4500 | ||
|---|---|---|---|
| 001 | 2346 | ||
| 008 | 241024s9999 xx 000 0 und d | ||
| 082 | _aRD/920.07293/C755r | ||
| 100 | _aRepública Dominicana. Consejo Nacional para las comunidades dominicanas en el exterior CONDEX | ||
| 245 | 0 | _aReconocimiento a 100 dominicanos presentes destacados en el exterior | |
| 260 |
_bMistli gráfica _c2012 |
||
| 901 | _a10/8/2012 3:34:29 p.m. | ||
| 999 |
_c7680 _d7680 |
||